| 000 | 00426nam a2200145Ia 4500 | ||
|---|---|---|---|
| 003 | GCL | ||
| 008 | 140319s9999 xx 000 0 ara d | ||
| 040 |
_aGCL / _cGCL |
||
| 082 | 0 | 4 |
_a239.9 _bع س |
| 100 | 1 | _aعبدالمنعم قنديل | |
| 245 | 1 | 0 |
_aسيد الشهداء حمزة بن عبدالمطلب / _cعبدالمنعم قنديل |
| 700 | 1 | _aعلى الجمبلاطى | |
| 300 | _a60 ص | ||
| 490 |
_a100 قصة _v0 |
||
| 999 |
_c43327 _d43327 |
||